| 000 | 00449nam a2200157Ia 4500 | ||
|---|---|---|---|
| 005 | 20250519011741.0 | ||
| 008 | 240331s9999 xx 000 0 und d | ||
| 020 | _a9555991413 | ||
| 082 |
_bBAN _a305 |
||
| 100 | _aBandarage, A | ||
| 245 | 0 | _aKanthawa janagahanaya goleeya arbhudaya | |
| 260 |
_aRatmalana _bSarvodaya Vishva Lekha _c2001 |
||
| 300 | _a587 p ., | ||
| 500 | _aA Sinhala Translation of Women - Population and Global Crisis | ||
| 942 | _cL | ||
| 999 |
_c1624 _d1624 |
||